Culturally responsive teaching : (Record no. 16324)

000 -LEADER
fixed length control field 01224cam a22003134a 4500
001 - CONTROL NUMBER
control field 11853603
005 - DATE AND TIME OF LATEST TRANSACTION
control field 20190310020050.0
008 - FIXED-LENGTH DATA ELEMENTS--GENERAL INFORMATION
fixed length control field 991201s2000 nyu b 001 0 eng
010 ## - LIBRARY OF CONGRESS CONTROL NUMBER
LC control number 99088478
020 ## - INTERNATIONAL STANDARD BOOK NUMBER
International Standard Book Number 0807739553
020 ## - INTERNATIONAL STANDARD BOOK NUMBER
International Standard Book Number 0807739545 (pbk.)
040 ## - CATALOGING SOURCE
Original cataloging agency DLC
Transcribing agency DLC
Modifying agency DLC
042 ## - AUTHENTICATION CODE
Authentication code pcc
043 ## - GEOGRAPHIC AREA CODE
Geographic area code n-us---
050 00 - LIBRARY OF CONGRESS CALL NUMBER
Classification number LC1099.3
Item number .G393 2000
082 00 - DEWEY DECIMAL CLASSIFICATION NUMBER
Classification number 370.117
Edition number 21
100 1# - MAIN ENTRY--PERSONAL NAME
Personal name Gay, Geneva.
245 10 - TITLE STATEMENT
Title Culturally responsive teaching :
Remainder of title theory, research, and practice /
Statement of responsibility, etc. Geneva Gay.
260 ## - PUBLICATION, DISTRIBUTION, ETC. (IMPRINT)
Place of publication, distribution, etc. New York :
Name of publisher, distributor, etc. Teachers College Press,
Date of publication, distribution, etc. c2000.
300 ## - PHYSICAL DESCRIPTION
Extent xx, 251 p. ;
Dimensions 24 cm.
490 1# - SERIES STATEMENT
Series statement Multicultural education series
504 ## - BIBLIOGRAPHY, ETC. NOTE
Bibliography, etc Includes bibliographical references and index.
650 #0 - SUBJECT ADDED ENTRY--TOPICAL TERM
Topical term or geographic name as entry element Multicultural education
Geographic subdivision United States.
650 #0 - SUBJECT ADDED ENTRY--TOPICAL TERM
Topical term or geographic name as entry element Educational equalization
Geographic subdivision United States.
650 #0 - SUBJECT ADDED ENTRY--TOPICAL TERM
Topical term or geographic name as entry element Teaching
General subdivision Social aspects
Geographic subdivision United States.
830 #0 - SERIES ADDED ENTRY--UNIFORM TITLE
Uniform title Multicultural education series (New York, N.Y.)
906 ## - LOCAL DATA ELEMENT F, LDF (RLIN)
a 7
b cbc
c orignew
d 1
e ocip
f 19
g y-gencatlg
942 ## - ADDED ENTRY ELEMENTS (KOHA)
Source of classification or shelving scheme
Koha item type Hard Covered Materials
Classification part LC1099.3 .G393 2000
Koha issues (borrowed), all copies 1
Holdings
Withdrawn status Lost status Source of classification or shelving scheme Damaged status Not for loan Home library Current library Shelving location Date acquired Source of acquisition Total Checkouts Full call number Barcode Date last seen Date last checked out Price effective from Koha item type
          MACHAKOS UNIVERSITY LIBRARY MACHAKOS UNIVERSITY LIBRARY Open shelf 09/11/2016 Donation (BFA) 1 LC1099.3 .G393 2000 24323 22/03/2019 09/03/2019 09/11/2016 Hard Covered Materials
© Machakos University Library, Along The Highway, Machakos Wote Rd, Machakos, Kenya P.O. Box 136 - 90100 Machakos - Kenya

Tel: ( +254 ) 723 805829 OR Fax : 044-20353 OR Email: library@mksu.ac.ke